000 01321cad a22002415a 4500
008 240614t2024 xxk f 001 0 eng d
041 0 _aeng
110 _aInternational Valuation Standards Committee
245 0 0 _aInspections of tangible assets as part of the valuation process
260 _aLondon,
_bInternational Valuation Standards Council,
_cJune 2024
520 _aThis International Valuation Standards Council (IVSC) Perspectives Paper focuses on the inspection of tangible assets in the valuation process. Authored by the IVSC Tangible Assets Board, this paper explores the intricacies of valuation inspections, examining both the benefits and challenges associated with various inspection methods, including traditional physical inspections and innovative technology-based virtual assessments.
650 2 4 _aINTERNATIONAL VALUATION STANDARDS
650 2 4 _aTANGIBLE ASSETS
650 2 4 _aDESKTOP VALUATION
650 2 4 _aAUTOMATED VALUATION MODELS
650 2 4 _aVALUATION
651 4 _aInternational
690 _aValuation
_96273
710 2 _aInternational Valuation Standards Council
710 _aRoyal Institution of Chartered Surveyors
856 4 0 _uhttps://www.ivsc.org/beyond-numbers-incorporating-esg-into-international-valuation-standards/
_zIVSC survey
942 _n0
999 _c121956
_d121956